书目信息 |
| 题名: |
南京路上好八连
|
|
| 作者: | 本社编 | |
| 分册: | ||
| 出版信息: | 解放军文艺社 1963 |
|
| 页数: | 126页 | |
| 开本: | 18cm | |
| 丛书名: | ||
| 单 册: | ||
| 中图分类: | E221 | |
| 科图分类: | ||
| 主题词: | 军队政治工作--中国 | |
| 电子资源: | ||
| ISBN: | ||
| 000 | 00447nam0 2200169 450 | |
| 001 | 0656044828 | |
| 005 | 20060911153448.79 | |
| 010 | @dCNY0.30 | |
| 100 | @a20060911d1963 km y0chiy0120 ea | |
| 101 | 0 | @achi |
| 200 | 1 | @a南京路上好八连@Anan jing lu shang hao ba lian@f本社编@Fben she bian |
| 210 | @c解放军文艺社@d1963 | |
| 215 | @a126页@d18cm | |
| 606 | 0 | @a军队政治工作@x中国 |
| 690 | @aE221@v3 | |
| 801 | 0 | @aCN@bPFT@c20060911 |
| 905 | @a10447@dE221@e4 | |
| 南京路上好八连/本社编.-解放军文艺社,1963 |
| 126页;18cm |
| ISBN :CNY0.30 |
| ● |
| 相关链接 |
|
|
|
|
正题名:南京路上好八连
索取号:E221/4
 
预约/预借
| 序号 | 登录号 | 条形码 | 馆藏地/架位号 | 状态 | 备注 |
| 1 | 0472014 | 204720141 | 密集书库/ [索取号:E221/4] | 在馆 |